[Event "Noruega ch 2005"]
[Site "Sandnes"]
[Date "2005.07.04"]
[Round "4.1"]
[White "Agdestein, Simen"]
[Black "Elsness, Frode"]
[Result "1-0"]
[WhiteElo "2571"]
[BlackElo "2440"]
[PlyCount "75"]
[EventDate "2005.07.02"]
[EventType "swiss"]
[EventRounds "9"]
[EventCountry "NOR"]
[Source "lmi"]
[SourceDate "2005.07.09"]

1. c4 e5 2. Nc3 Nf6 3. Nf3 Nc6 4. g3 d5 5. cxd5 Nxd5 6. Bg2 Nb6 7. O-O Be7 8.
a4 a5 9. d3 O-O 10. b3 Be6 11. Bb2 f6 12. Rc1 Rc8 13. Ne4 Qd7 14. Nc5 Bxc5 15.
Rxc5 Rfd8 16. Nd2 Nd5 17. Re1 b6 18. Rc1 Ndb4 19. Ba3 Bd5 20. Bxd5+ Qxd5 21.
Rc4 Na6 22. Nf3 Nd4 23. Nxd4 exd4 24. e3 dxe3 25. Rxe3 Re8 26. Qg4 f5 27. Qe2
Qf7 28. h4 h6 29. Kh2 Kh7 30. Rxe8 Rxe8 31. Qf3 c5 32. d4 Re4 33. Bb2 cxd4 34.
Bxd4 Qd5 35. Qc3 f4 36. g4 Nc5 37. Bxc5 bxc5 38. Qc2 1-0

[Event "Noruega ch 2005"]
[Site "Sandnes"]
[Date "2005.07.04"]
[Round "4.4"]
[White "Gausel, Einar"]
[Black "Hammer, Jon Ludvig"]
[Result "1-0"]
[WhiteElo "2522"]
[BlackElo "2318"]
[PlyCount "93"]
[EventDate "2005.07.02"]
[EventType "swiss"]
[EventRounds "9"]
[EventCountry "NOR"]
[Source "lmi"]
[SourceDate "2005.07.09"]

1. d4 d5 2. c4 c6 3. Nf3 Nf6 4. e3 Bf5 5. Bd3 Bxd3 6. Qxd3 e6 7. O-O Nbd7 8.
Nc3 Bb4 9. Bd2 a5 10. a3 Bxc3 11. Bxc3 Ne4 12. Nd2 Nxc3 13. bxc3 O-O 14. a4 Qc7
15. Rfb1 Rfd8 16. h3 Rab8 17. Ra2 g6 18. Rab2 b6 19. cxd5 cxd5 20. c4 dxc4 21.
Nxc4 Nc5 22. Qd1 Na6 23. Ne5 Nb4 24. Nd3 Nxd3 25. Qxd3 Rdc8 26. Rb5 Qc4 27. Qa3
Qe2 28. Qe7 Qa2 29. h4 Qxa4 30. Rxb6 Rxb6 31. Rxb6 Qc2 32. Rb7 Qf5 33. f3 h5
34. Ra7 Kg7 35. Kh2 Rb8 36. Kg3 Qf6 37. Qc5 Rd8 38. Rxa5 Rd5 39. Qc7 Rxa5 40.
Qxa5 Kg8 41. Qg5 Qg7 42. Qd8+ Kh7 43. e4 f5 44. e5 Qf7 45. Kf4 Kg7 46. Kg5 f4
47. Qf6+ 1-0

[Event "Noruega ch 2005"]
[Site "Sandnes"]
[Date "2005.07.04"]
[Round "4.5"]
[White "Fyllingen, Roy Harald"]
[Black "Djurhuus, Rune"]
[Result "1/2-1/2"]
[WhiteElo "2395"]
[BlackElo "2461"]
[PlyCount "57"]
[EventDate "2005.07.02"]
[EventType "swiss"]
[EventRounds "9"]
[EventCountry "NOR"]
[Source "lmi"]
[SourceDate "2005.07.09"]

1. d4 Nf6 2. c4 g6 3. Nc3 Bg7 4. e4 d6 5. f3 O-O 6. Bg5 c5 7. d5 e6 8. Nge2
exd5 9. Nxd5 Be6 10. Qd2 Nc6 11. h4 Bxd5 12. cxd5 Ne5 13. Nc3 Qa5 14. Rh3 h5
15. Be2 Rfe8 16. Nb5 Qb6 17. a4 a6 18. Na3 c4 19. Be3 Qb3 20. a5 Nd3+ 21. Bxd3
cxd3 22. Rd1 Nd7 23. Qxd3 Qxb2 24. Nc4 Qxg2 25. Qf1 Qc2 26. Qe2 Qc3+ 27. Bd2
Qf6 28. Bg5 Qc3+ 29. Bd2 1/2-1/2

[Event "Noruega ch 2005"]
[Site "Sandnes"]
[Date "2005.07.04"]
[Round "4.6"]
[White "Hole, Oystein"]
[Black "Barth Sahl, Bjarke"]
[Result "0-1"]
[WhiteElo "2336"]
[BlackElo "2394"]
[PlyCount "40"]
[EventDate "2005.07.02"]
[EventType "swiss"]
[EventRounds "9"]
[EventCountry "NOR"]
[Source "lmi"]
[SourceDate "2005.07.09"]

1. Nf3 c5 2. c4 Nc6 3. d4 cxd4 4. Nxd4 g6 5. e4 Bg7 6. Be3 Nf6 7. Nc3 O-O 8.
Be2 b6 9. O-O Bb7 10. f3 Rc8 11. Qd2 Nh5 12. Rfd1 Ne5 13. b3 f5 14. exf5 gxf5
15. Qc2 Qe8 16. Nxf5 Nxf3+ 17. Kh1 Bxc3 18. Nh6+ Kh8 19. Qxc3+ e5 20. Rf1 Ng3+
0-1

[Event "Noruega ch 2005"]
[Site "Sandnes"]
[Date "2005.07.04"]
[Round "4.8"]
[White "Tallaksen, Geir Sune"]
[Black "Byklum, Bjornar"]
[Result "1/2-1/2"]
[WhiteElo "2349"]
[BlackElo "2283"]
[PlyCount "46"]
[EventDate "2005.07.02"]
[EventType "swiss"]
[EventRounds "9"]
[EventCountry "NOR"]
[Source "lmi"]
[SourceDate "2005.07.09"]

1. d4 e6 2. c4 c5 3. d5 exd5 4. cxd5 d6 5. Nc3 Ne7 6. Nf3 Ng6 7. g3 Be7 8. Bg2
O-O 9. O-O Na6 10. Nd2 Bd7 11. a4 Nb4 12. Nc4 b6 13. e4 a6 14. f4 b5 15. axb5
axb5 16. Rxa8 Qxa8 17. Nb6 Qa7 18. Nxd7 c4+ 19. Kh1 Qxd7 20. e5 Nd3 21. Be4 Nc5
22. Be3 Nxe4 23. Nxe4 f5 1/2-1/2

[Event "Noruega ch 2005"]
[Site "Sandnes"]
[Date "2005.07.04"]
[Round "4.10"]
[White "Borchgrevink, Harald"]
[Black "Dannevig, Oystein"]
[Result "1-0"]
[WhiteElo "2259"]
[BlackElo "2347"]
[PlyCount "55"]
[EventDate "2005.07.02"]
[EventType "swiss"]
[EventRounds "9"]
[EventCountry "NOR"]
[Source "lmi"]
[SourceDate "2005.07.09"]

1. d4 Nf6 2. Nf3 c5 3. d5 e6 4. c4 d6 5. Nc3 exd5 6. cxd5 g6 7. Bf4 Bg7 8. h3
O-O 9. e3 Bf5 10. Nd2 Qe7 11. Nc4 Rd8 12. g4 Bc8 13. Bg2 b6 14. a4 Ba6 15. Nb5
Ne8 16. O-O Bxb5 17. axb5 Nd7 18. Qd3 Ne5 19. Bxe5 Bxe5 20. f4 Bg7 21. e4 Bd4+
22. Kh1 Qd7 23. f5 Qxb5 24. fxg6 hxg6 25. e5 Nc7 26. e6 Rf8 27. e7 Rfe8 28.
Rxf7 1-0

[Event "Noruega ch 2005"]
[Site "Sandnes"]
[Date "2005.07.04"]
[Round "4.11"]
[White "Bjerke, Silje"]
[Black "Jansson, Joran"]
[Result "0-1"]
[WhiteElo "2137"]
[BlackElo "2287"]
[PlyCount "76"]
[EventDate "2005.07.02"]
[EventType "swiss"]
[EventRounds "9"]
[EventCountry "NOR"]
[Source "lmi"]
[SourceDate "2005.07.09"]

1. d4 Nf6 2. c4 e6 3. Nc3 Bb4 4. Qc2 c5 5. dxc5 Qa5 6. Bd2 Qxc5 7. e3 d5 8. a3
Bxc3 9. Bxc3 dxc4 10. Bb4 Qc6 11. Qxc4 Qxc4 12. Bxc4 Nc6 13. Bb5 Bd7 14. Bxc6
Bxc6 15. f3 Nd5 16. Bd2 f6 17. Ne2 Kf7 18. Nd4 Bd7 19. Rc1 Rac8 20. Kf2 Nb6 21.
b3 e5 22. Ne2 Be6 23. Rxc8 Rxc8 24. Rb1 Rd8 25. Ke1 Nd7 26. Bb4 g5 27. Nc3 b6
28. Ne4 a5 29. Bd2 Rg8 30. Nf2 h5 31. h3 Rd8 32. e4 Nc5 33. Be3 Nxb3 34. Bxb6
Rc8 35. Kd1 Rc3 36. Rb2 Rc1+ 37. Ke2 Bc4+ 38. Nd3 Rc3 0-1

[Event "Noruega ch 2005"]
[Site "Sandnes"]
[Date "2005.07.05"]
[Round "5.1"]
[White "Agdestein, Simen"]
[Black "Lie, Kjetil A"]
[Result "1-0"]
[WhiteElo "2571"]
[BlackElo "2472"]
[PlyCount "80"]
[EventDate "2005.07.02"]
[EventType "swiss"]
[EventRounds "9"]
[EventCountry "NOR"]
[Source "lmi"]
[SourceDate "2005.07.09"]

1. e4 c5 2. c3 d6 3. d4 Nf6 4. Bd3 g6 5. dxc5 d5 6. exd5 Qxd5 7. Nf3 Qxc5 8.
Na3 Bg7 9. Nb5 Ng4 10. O-O a6 11. Nbd4 Nd7 12. Nb3 Qb6 13. Qe2 Nc5 14. Re1 Ne6
15. Ng5 Qd6 16. g3 Ne5 17. Be4 O-O 18. Nxe6 Qxe6 19. Bf4 Nd7 20. Rad1 Qb6 21.
Qc4 Nf6 22. Bf3 Ng4 23. Qc5 Qxc5 24. Nxc5 e5 25. Bc1 e4 26. Bxe4 Ra7 27. Bf4
Nf6 28. Bf3 Bf5 29. Bd6 Rd8 30. Nxb7 Rc8 31. Bf4 Rf8 32. Be3 Raa8 33. Bc5 Rfe8
34. Nd6 Rxe1+ 35. Rxe1 Rb8 36. Nxf5 gxf5 37. Re2 a5 38. Bd6 Rc8 39. Be5 a4 40.
Kg2 Rd8 1-0

[Event "Noruega ch 2005"]
[Site "Sandnes"]
[Date "2005.07.05"]
[Round "5.2"]
[White "Johannessen, Leif Erlend"]
[Black "Barth Sahl, Bjarke"]
[Result "1-0"]
[WhiteElo "2543"]
[BlackElo "2394"]
[PlyCount "64"]
[EventDate "2005.07.02"]
[EventType "swiss"]
[EventRounds "9"]
[EventCountry "NOR"]
[Source "lmi"]
[SourceDate "2005.07.09"]

1. d4 Nf6 2. c4 e6 3. Nf3 Bb4+ 4. Nbd2 O-O 5. a3 Be7 6. e4 d5 7. e5 Nfd7 8. Bd3
c5 9. O-O Nc6 10. Qe2 a5 11. Rd1 cxd4 12. cxd5 exd5 13. Nb3 Re8 14. Nbxd4 Nc5
15. Bb5 Bd7 16. Be3 Bf8 17. Nxc6 bxc6 18. Rac1 Rb8 19. Bxc6 Bxc6 20. Bxc5 Bb5
21. Qd2 Bc4 22. Bxf8 Rxf8 23. Nd4 Qb6 24. Nf5 Kh8 25. Rc3 f6 26. Qf4 fxe5 27.
Qxe5 Qf6 28. Qxf6 Rxf6 29. Ne3 h6 30. Rd2 Re8 31. f3 Rxe3 32. Rxe3 a4 1-0

[Event "Noruega ch 2005"]
[Site "Sandnes"]
[Date "2005.07.05"]
[Round "5.5"]
[White "Elsness, Frode"]
[Black "Hammer, Jon Ludvig"]
[Result "1-0"]
[WhiteElo "2440"]
[BlackElo "2318"]
[PlyCount "61"]
[EventDate "2005.07.02"]
[EventType "swiss"]
[EventRounds "9"]
[EventCountry "NOR"]
[Source "lmi"]
[SourceDate "2005.07.09"]

1. d4 d5 2. c4 c6 3. Nf3 Nf6 4. Nc3 a6 5. h3 dxc4 6. a4 Bf5 7. e3 Bd3 8. Bxd3
cxd3 9. Qxd3 e6 10. e4 Nbd7 11. O-O Qa5 12. Bf4 Bb4 13. Nd2 O-O 14. Nc4 Qd8 15.
Bd6 Bxd6 16. Nxd6 e5 17. f4 Qb6 18. fxe5 Nxe5 19. Qe3 Ned7 20. a5 Qb4 21. e5
Nd5 22. Nxd5 cxd5 23. Nxf7 Rae8 24. e6 Qe7 25. Rae1 Nf6 26. Qg5 Qb4 27. Nh6+
Kh8 28. Nf5 Rg8 29. Qf4 Qxa5 30. Nd6 Rgf8 31. e7 1-0

[Event "Noruega ch 2005"]
[Site "Sandnes"]
[Date "2005.07.05"]
[Round "5.6"]
[White "Jansson, Joran"]
[Black "Nordahl, Helge"]
[Result "1/2-1/2"]
[WhiteElo "2287"]
[BlackElo "2423"]
[PlyCount "103"]
[EventDate "2005.07.02"]
[EventType "swiss"]
[EventRounds "9"]
[EventCountry "NOR"]
[Source "lmi"]
[SourceDate "2005.07.09"]

1. e4 c5 2. Nf3 d6 3. d4 Nf6 4. Nc3 cxd4 5. Nxd4 a6 6. Bg5 e6 7. f4 Be7 8. Qf3
Qc7 9. O-O-O Nbd7 10. Be2 b5 11. Bxf6 Nxf6 12. e5 Bb7 13. Qg3 dxe5 14. fxe5 Ne4
15. Nxe6 Qxc3 16. Nxg7+ Kf8 17. Ne6+ Ke8 18. Ng7+ Kf8 19. Ne6+ Ke8 20. Qxc3
Nxc3 21. Nc7+ Kf8 22. bxc3 Rc8 23. Nd5 Bxd5 24. Rxd5 Rg8 25. Bf3 Rxc3 26. Rf1
Rg5 27. Re1 Ba3+ 28. Kd1 Rc4 29. Rd7 Rb4 30. Re3 Rb1+ 31. Ke2 Bb4 32. e6 fxe6
33. Rxh7 Rb2 34. Be4 Rxa2 35. Rf3+ Kg8 36. Rff7 Bf8 37. h4 Re5 38. Kf3 Ra3+ 39.
Bd3 b4 40. Rb7 a5 41. Rhd7 Rd5 42. Ke2 Rxd7 43. Rxd7 b3 44. cxb3 Rxb3 45. Bc4
Rb6 46. g4 Rc6 47. Bd3 a4 48. Bh7+ Kh8 49. Be4 Ra6 50. Rd8 Kg7 51. Rd7+ Kh8 52.
Bb1 1/2-1/2

[Event "Noruega ch 2005"]
[Site "Sandnes"]
[Date "2005.07.05"]
[Round "5.8"]
[White "Byklum, Bjornar"]
[Black "Groenn, Atle"]
[Result "0-1"]
[WhiteElo "2283"]
[BlackElo "2394"]
[PlyCount "56"]
[EventDate "2005.07.02"]
[EventType "swiss"]
[EventRounds "9"]
[EventCountry "NOR"]
[Source "lmi"]
[SourceDate "2005.07.09"]

1. e4 c6 2. d4 d5 3. exd5 cxd5 4. c4 Nf6 5. Nc3 Nc6 6. Nf3 Bg4 7. cxd5 Nxd5 8.
Qb3 Nb6 9. Be3 Bxf3 10. gxf3 e6 11. Rg1 Nxd4 12. Bxd4 Qxd4 13. Bb5+ Ke7 14. Rd1
Qe5+ 15. Kf1 g6 16. Ne4 f6 17. a4 Rd8 18. Kg2 Bh6 19. Qb4+ Kf7 20. Nd6+ Rxd6
21. Rxd6 Bf8 22. Rgd1 Bxd6 23. Rxd6 Rc8 24. Qd2 Qg5+ 25. Qxg5 fxg5 26. Bd3 Ke7
27. Rd4 Nd5 28. Be4 Nf4+ 0-1

[Event "Noruega ch 2005"]
[Site "Sandnes"]
[Date "2005.07.05"]
[Round "5.9"]
[White "Leer Salvesen, Bjarte"]
[Black "Borchgrevink, Harald"]
[Result "1/2-1/2"]
[WhiteElo "2374"]
[BlackElo "2259"]
[PlyCount "37"]
[EventDate "2005.07.02"]
[EventType "swiss"]
[EventRounds "9"]
[EventCountry "NOR"]
[Source "lmi"]
[SourceDate "2005.07.09"]

1. c4 Nf6 2. g3 g6 3. Bg2 Bg7 4. Nc3 O-O 5. Nf3 d5 6. cxd5 Nxd5 7. O-O c5 8.
Nxd5 Qxd5 9. d3 Nc6 10. Be3 Bd7 11. Nd4 Qd6 12. Nxc6 Bxc6 13. Bxc6 Qxc6 14. Rc1
Qe6 15. Bxc5 Bxb2 16. Rc4 Bf6 17. Qd2 b6 18. Be3 Rfc8 19. Rfc1 1/2-1/2

[Event "Noruega ch 2005"]
[Site "Sandnes"]
[Date "2005.07.05"]
[Round "5.11"]
[White "Hole, Oystein"]
[Black "Ekeberg, Carl Fredrik"]
[Result "1-0"]
[WhiteElo "2336"]
[BlackElo "2283"]
[PlyCount "81"]
[EventDate "2005.07.02"]
[EventType "swiss"]
[EventRounds "9"]
[EventCountry "NOR"]
[Source "lmi"]
[SourceDate "2005.07.09"]

1. Nf3 d6 2. d4 f5 3. c4 Nf6 4. g3 g6 5. Bg2 Bg7 6. O-O O-O 7. Nc3 Qe8 8. d5 a5
9. Rb1 Na6 10. a3 Bd7 11. b4 axb4 12. axb4 c6 13. dxc6 bxc6 14. Nd4 Rb8 15. b5
cxb5 16. cxb5 Nc5 17. Nc6 Rc8 18. Be3 Nce4 19. Nxe4 fxe4 20. Na5 Ra8 21. Bd2
Rb8 22. Qb3+ Kh8 23. b6 Bc6 24. Nxc6 Qxc6 25. Rfc1 Qd7 26. Qb5 Qe6 27. b7 Ng4
28. Bf4 Be5 29. Bxe5+ Nxe5 30. Bxe4 Ng4 31. Bf3 Ne5 32. Bg2 Nd7 33. Ra1 Nc5 34.
Ra8 Qf6 35. Rf1 Kg7 36. Rxb8 Rxb8 37. Qb6 Qf8 38. Ra1 Qd8 39. Qxd8 Rxd8 40. Ra8
Nxb7 41. Bxb7 1-0

[Event "Noruega ch 2005"]
[Site "Sandnes"]
[Date "2005.07.06"]
[Round "6.2"]
[White "Lie, Kjetil A"]
[Black "Johannessen, Leif Erlend"]
[Result "0-1"]
[WhiteElo "2472"]
[BlackElo "2543"]
[PlyCount "76"]
[EventDate "2005.07.02"]
[EventType "swiss"]
[EventRounds "9"]
[EventCountry "NOR"]
[Source "lmi"]
[SourceDate "2005.07.09"]

1. e4 c5 2. a3 e6 3. b4 b6 4. Bb2 Bb7 5. Nc3 Nc6 6. bxc5 bxc5 7. Nf3 Nd4 8. Be2
Nf6 9. d3 d5 10. Rb1 Rb8 11. O-O Nxf3+ 12. Bxf3 d4 13. Ne2 e5 14. c3 Qd7 15.
Ng3 g6 16. Be2 Bh6 17. cxd4 cxd4 18. f4 exf4 19. Bc1 O-O 20. Bxf4 Bxf4 21. Rxf4
Qd6 22. Qd2 Nd7 23. Rh4 f6 24. Qh6 Qe7 25. Rb4 Ne5 26. Bd1 Ba6 27. Bb3+ Kh8 28.
Ne2 g5 29. Nxd4 Rxb4 30. axb4 gxh4 31. Nf5 Ng4 32. Qxh4 Qxb4 33. Bd1 Bxd3 34.
h3 Qb6+ 35. Kh1 Nf2+ 36. Kh2 Qc7+ 37. Kg1 Nxd1 38. Qh6 Qf7 0-1

[Event "Noruega ch 2005"]
[Site "Sandnes"]
[Date "2005.07.06"]
[Round "6.4"]
[White "Gausel, Einar"]
[Black "Hole, Oystein"]
[Result "1/2-1/2"]
[WhiteElo "2522"]
[BlackElo "2336"]
[PlyCount "164"]
[EventDate "2005.07.02"]
[EventType "swiss"]
[EventRounds "9"]
[EventCountry "NOR"]
[Source "lmi"]
[SourceDate "2005.07.09"]

1. d4 d5 2. c4 c6 3. Nf3 Nf6 4. Qc2 g6 5. Bf4 dxc4 6. Qxc4 Bg7 7. Nbd2 Bf5 8.
e3 O-O 9. Be2 Nbd7 10. O-O Rc8 11. Qb3 Nb6 12. Rac1 Ne4 13. Nxe4 Bxe4 14. Rfd1
Nd5 15. Bg5 h6 16. Bh4 g5 17. Bg3 Qb6 18. Qa3 Qb4 19. Qxb4 Nxb4 20. a3 Nd5 21.
Nd2 Bg6 22. Nc4 Rcd8 23. Na5 Rd7 24. Nb3 e5 25. dxe5 Re7 26. Nc5 Rfe8 27. b4
Bf5 28. e4 Bxe5 29. Bxe5 Rxe5 30. Nxb7 Bxe4 31. Bf1 Nb6 32. Nd6 R8e6 33. Nxe4
Rxe4 34. g3 R4e5 35. Bg2 a5 36. Rxc6 Rxc6 37. Bxc6 axb4 38. axb4 Re2 39. Rd8+
Kg7 40. Rd4 Rb2 41. b5 Kf6 42. h4 Ke5 43. Re4+ Kf5 44. g4+ Kf6 45. h5 Nc8 46.
Rd4 Ke5 47. Rd5+ Kf4 48. Rd4+ Ke5 49. Re4+ Kf6 50. Rc4 Nd6 51. Rc5 Ke6 52. Kg2
Rb4 53. f3 Rb2+ 54. Kf1 Ke7 55. Ke1 Ke6 56. Kd1 f5 57. gxf5+ Nxf5 58. Bd7+ Kxd7
59. Rxf5 Ke6 60. Rc5 Kd6 61. Rc6+ Kd5 62. Rb6 Kd4 63. Kc1 Rb4 64. Kc2 Ke3 65.
Kc3 Rb1 66. Kc4 Rc1+ 67. Kd5 Rd1+ 68. Kc5 Rc1+ 69. Kb4 Rb1+ 70. Kc4 Rc1+ 71.
Kb3 Rb1+ 72. Kc2 Rb4 73. Kc3 Rb1 74. Re6+ Kxf3 75. Kc4 g4 76. Rf6+ Ke3 77. Rxh6
g3 78. Rg6 Kf2 79. b6 g2 80. Kc5 Rh1 81. b7 Rxh5+ 82. Kc6 Rh8 1/2-1/2

[Event "Noruega ch 2005"]
[Site "Sandnes"]
[Date "2005.07.06"]
[Round "6.5"]
[White "Fossan, Erik"]
[Black "Elsness, Frode"]
[Result "0-1"]
[WhiteElo "2389"]
[BlackElo "2440"]
[PlyCount "78"]
[EventDate "2005.07.02"]
[EventType "swiss"]
[EventRounds "9"]
[EventCountry "NOR"]
[Source "lmi"]
[SourceDate "2005.07.09"]

1. e4 c5 2. Nf3 d6 3. d4 cxd4 4. Nxd4 Nf6 5. Nc3 a6 6. f4 e5 7. Nf3 Nbd7 8. a4
Be7 9. Bd3 O-O 10. O-O exf4 11. Kh1 Nc5 12. Bxf4 Bg4 13. Qd2 Bh5 14. Nd4 Bg6
15. Nf5 Bxf5 16. exf5 d5 17. Rae1 d4 18. Ne2 Nxa4 19. b3 Nc5 20. Be5 Ng4 21.
Bxd4 Bg5 22. Qc3 Qd6 23. Bg1 Be3 24. Ng3 Bxg1 25. Kxg1 Qb6 26. Qd4 Rad8 27.
Qxg4 Nxd3+ 28. Kh1 Nf2+ 29. Rxf2 Qxf2 30. Rf1 Qd4 31. Ne4 f6 32. h4 Rfe8 33.
Re1 Kh8 34. h5 h6 35. Kh2 Qe5+ 36. Kh3 Rd4 37. Nd6 Qxe1 38. Qxd4 Re3+ 39. Kh2
Qg3+ 0-1

[Event "Noruega ch 2005"]
[Site "Sandnes"]
[Date "2005.07.06"]
[Round "6.6"]
[White "Nordahl, Helge"]
[Black "Dannevig, Oystein"]
[Result "1-0"]
[WhiteElo "2423"]
[BlackElo "2347"]
[PlyCount "79"]
[EventDate "2005.07.02"]
[EventType "swiss"]
[EventRounds "9"]
[EventCountry "NOR"]
[Source "lmi"]
[SourceDate "2005.07.09"]

1. d4 Nf6 2. c4 c5 3. d5 e6 4. Nc3 exd5 5. cxd5 d6 6. e4 g6 7. f4 Bg7 8. Nf3
O-O 9. Be2 Bg4 10. O-O Nbd7 11. h3 Bxf3 12. Bxf3 Ne8 13. Re1 a6 14. a4 Rb8 15.
Bg4 f5 16. exf5 gxf5 17. Bf3 Nc7 18. a5 Qh4 19. Be3 Rbe8 20. Qd2 Rxe3 21. Rxe3
Bd4 22. Ne2 Bxe3+ 23. Qxe3 Re8 24. Qf2 Qf6 25. Nc3 Nf8 26. Re1 Rxe1+ 27. Qxe1
Nb5 28. Nxb5 axb5 29. Qe2 b4 30. Kh1 c4 31. Qxc4 Qxb2 32. Bd1 Qa1 33. Qc2 Qd4
34. Qc1 Qxd5 35. Bf3 Qxa5 36. Qc4+ Kg7 37. Qd4+ Kh6 38. Qf6+ Ng6 39. g4 fxg4
40. hxg4 1-0

[Event "Noruega ch 2005"]
[Site "Sandnes"]
[Date "2005.07.06"]
[Round "6.9"]
[White "Hammer, Jon Ludvig"]
[Black "Jansson, Joran"]
[Result "0-1"]
[WhiteElo "2318"]
[BlackElo "2287"]
[PlyCount "72"]
[EventDate "2005.07.02"]
[EventType "swiss"]
[EventRounds "9"]
[EventCountry "NOR"]
[Source "lmi"]
[SourceDate "2005.07.09"]

1. d4 d5 2. Nc3 Bf5 3. Bg5 c6 4. e3 Nd7 5. Bd3 Bxd3 6. Qxd3 Ngf6 7. f3 e5 8.
O-O-O Be7 9. Nge2 exd4 10. exd4 O-O 11. g4 Ne8 12. Bf4 b5 13. Rdg1 b4 14. Nd1
c5 15. dxc5 Nxc5 16. Qd2 Qa5 17. Kb1 Ne6 18. Bg3 Rc8 19. Ne3 Bc5 20. Rd1 d4 21.
Nf5 Rd8 22. Nc1 N8c7 23. Bxc7 Qxc7 24. Rde1 a5 25. Ng3 b3 26. Nd3 bxa2+ 27. Ka1
Bb4 28. Nxb4 axb4 29. Ne4 d3 30. c3 bxc3 31. Qxc3 Qa7 32. Rd1 Qe3 33. Rhf1 Nd4
34. Kxa2 Nc2 35. Kb1 Qe2 36. Nd2 Rc8 0-1

[Event "Noruega ch 2005"]
[Site "Sandnes"]
[Date "2005.07.06"]
[Round "6.11"]
[White "Bjerke, Silje"]
[Black "Ekeberg, Carl Fredrik"]
[Result "1/2-1/2"]
[WhiteElo "2137"]
[BlackElo "2283"]
[PlyCount "54"]
[EventDate "2005.07.02"]
[EventType "swiss"]
[EventRounds "9"]
[EventCountry "NOR"]
[Source "lmi"]
[SourceDate "2005.07.09"]

1. d4 Nf6 2. c4 e6 3. Nc3 Bb4 4. Qc2 O-O 5. a3 Bxc3+ 6. Qxc3 b6 7. Bg5 Bb7 8.
f3 h6 9. Bh4 d5 10. e3 Nbd7 11. cxd5 Nxd5 12. Bxd8 Nxc3 13. Bh4 Nd5 14. Bf2 f5
15. Bb5 c6 16. Ba4 e5 17. Ne2 Rae8 18. Bb3 Kh8 19. Bxd5 cxd5 20. O-O-O e4 21.
Nf4 Kh7 22. h4 g6 23. Kd2 Rc8 24. Rc1 Rfe8 25. b3 Kg7 26. Ne2 Kf7 27. Bg3 Kf6
1/2-1/2

[Event "Noruega ch 2005"]
[Site "Sandnes"]
[Date "2005.07.07"]
[Round "7.1"]
[White "Agdestein, Simen"]
[Black "Johannessen, Leif Erlend"]
[Result "1/2-1/2"]
[WhiteElo "2571"]
[BlackElo "2543"]
[PlyCount "87"]
[EventDate "2005.07.02"]
[EventType "swiss"]
[EventRounds "9"]
[EventCountry "NOR"]
[Source "lmi"]
[SourceDate "2005.07.09"]

1. e4 c5 2. Nf3 Nc6 3. d4 cxd4 4. Nxd4 Nf6 5. Nc3 e5 6. Ndb5 d6 7. Bg5 a6 8.
Na3 b5 9. Bxf6 gxf6 10. Nd5 Bg7 11. c3 f5 12. exf5 Bxf5 13. Nc2 O-O 14. Nce3
Be6 15. Bd3 f5 16. O-O Ra7 17. a4 Ne7 18. Nxe7+ Rxe7 19. axb5 axb5 20. Bxb5 d5
21. Ra6 f4 22. Rxe6 Rxe6 23. Qxd5 Qxd5 24. Nxd5 Kh8 25. f3 e4 26. fxe4 Rxe4 27.
b4 Rd8 28. Bd3 Re3 29. Nxe3 fxe3 30. Be2 Bxc3 31. Rb1 Rd2 32. Kf1 Bd4 33. b5
Bb6 34. Rc1 Rd6 35. Rc6 Rxc6 36. bxc6 Kg7 37. Bf3 Kf6 38. Ke2 Ke5 39. Kd3 Kd6
40. g3 h6 41. g4 Ke5 42. h4 Kd6 43. h5 Bd8 44. Kxe3 1/2-1/2

[Event "Noruega ch 2005"]
[Site "Sandnes"]
[Date "2005.07.07"]
[Round "7.4"]
[White "Lie, Kjetil A"]
[Black "Djurhuus, Rune"]
[Result "1-0"]
[WhiteElo "2472"]
[BlackElo "2461"]
[PlyCount "131"]
[EventDate "2005.07.02"]
[EventType "swiss"]
[EventRounds "9"]
[EventCountry "NOR"]
[Source "lmi"]
[SourceDate "2005.07.09"]

1. e4 c5 2. a3 g6 3. h4 h5 4. d4 cxd4 5. c3 dxc3 6. Nxc3 Bg7 7. Bc4 Nc6 8. Nf3
Nf6 9. Bf4 d6 10. Ng5 O-O 11. O-O a6 12. Qd2 Nh7 13. Nd5 Nxg5 14. Bxg5 Be6 15.
f4 Bxd5 16. Bxd5 Qb6+ 17. Kh1 e6 18. Ba2 Qxb2 19. Qxb2 Bxb2 20. Rab1 Bxa3 21.
f5 Nb4 22. Rf3 Nxa2 23. Rxa3 gxf5 24. exf5 b5 25. Rxa2 Rfc8 26. fxe6 fxe6 27.
Re1 e5 28. Rd1 Rc6 29. Be7 Kf7 30. Bxd6 Rd8 31. Rf1+ Ke6 32. Bf8 Rd4 33. g3
Rdc4 34. Rff2 b4 35. Rfb2 Rb6 36. Rb3 Kf7 37. Rf2+ Ke6 38. Bg7 Rb7 39. Rf6+ Kd5
40. Bf8 a5 41. Ra6 Rb5 42. Kg2 Rd4 43. Rb1 Kc4 44. Bh6 b3 45. Rc6+ Kd5 46. Rc8
a4 47. Bf8 Rd2+ 48. Kh3 Ke4 49. Ra8 Ra2 50. Rd8 Kf3 51. Rdd1 e4 52. Bh6 e3 53.
Rd4 Re5 54. Rf1+ Ke2 55. Rh1 Kf3 56. Rf1+ Ke2 57. Rh1 Rf5 58. Rdd1 Re5 59. Rd4
Rd2 60. Rxa4 b2 61. Rb4 Kd3 62. Bg7 Re7 63. Bxb2 e2 64. Rd4+ Ke3 65. Rxd2 Kxd2
66. Bc1+ 1-0

[Event "Noruega ch 2005"]
[Site "Sandnes"]
[Date "2005.07.07"]
[Round "7.7"]
[White "Byklum, Bjornar"]
[Black "Barth Sahl, Bjarke"]
[Result "1-0"]
[WhiteElo "2283"]
[BlackElo "2394"]
[PlyCount "105"]
[EventDate "2005.07.02"]
[EventType "swiss"]
[EventRounds "9"]
[EventCountry "NOR"]
[Source "lmi"]
[SourceDate "2005.07.09"]

1. e4 e5 2. Nf3 Nc6 3. Nc3 Nf6 4. g3 Bc5 5. Bg2 d6 6. d3 a6 7. O-O h6 8. Be3
Bg4 9. h3 Be6 10. d4 exd4 11. Nxd4 Bxd4 12. Bxd4 Qd7 13. Bxf6 gxf6 14. Nd5 Bxd5
15. exd5 Ne7 16. Qd4 Ng8 17. Rfe1+ Kf8 18. Re3 a5 19. Rae1 b6 20. g4 h5 21. g5
h4 22. gxf6 Qf5 23. Qc3 Rc8 24. Re7 Qxf6 25. Rxc7 Qxc3 26. Rxc3 Rxc3 27. bxc3
Nf6 28. Rb1 Nd7 29. Bf3 f5 30. Be2 Kf7 31. Bb5 Ne5 32. Bd3 Nf3+ 33. Kg2 Nd2 34.
Rxb6 Rg8+ 35. Kh1 Nf3 36. Rb1 Kf6 37. Be2 Nd2 38. Rg1 Rxg1+ 39. Kxg1 Ne4 40. f4
Nxc3 41. Bc4 Nd1 42. Bb3 Ke7 43. Kg2 Nc3 44. Kf3 Kd8 45. Ke3 Kc7 46. Bc4 Kb6
47. Kd4 Ne4 48. Bd3 Ng3 49. c4 Nh5 50. c5+ Kc7 51. Bxf5 Nxf4 52. Kc4 Ng2 53.
Be6 1-0

[Event "Noruega ch 2005"]
[Site "Sandnes"]
[Date "2005.07.07"]
[Round "7.8"]
[White "Hole, Oystein"]
[Black "Fossan, Erik"]
[Result "1/2-1/2"]
[WhiteElo "2336"]
[BlackElo "2389"]
[PlyCount "86"]
[EventDate "2005.07.02"]
[EventType "swiss"]
[EventRounds "9"]
[EventCountry "NOR"]
[Source "lmi"]
[SourceDate "2005.07.09"]

1. Nf3 c5 2. c4 Nc6 3. d4 cxd4 4. Nxd4 Nf6 5. g3 e6 6. Bg2 Qb6 7. Nb5 Ne5 8.
Bf4 Nfg4 9. O-O a6 10. N5c3 d6 11. h3 Nf6 12. Nd2 Ng6 13. Be3 Qc7 14. Na4 Nd7
15. Qb3 Be7 16. Nb6 Nxb6 17. Bxb6 Qb8 18. Ne4 O-O 19. Rad1 Ne5 20. Rd2 f5 21.
Nc3 Bd7 22. f4 Nf7 23. e4 fxe4 24. Nxe4 Qc8 25. Kh2 Bc6 26. Rfd1 d5 27. cxd5
Bxd5 28. Qe3 Qc6 29. Nc3 Bxg2 30. Rxg2 Bd8 31. Bc5 Re8 32. Ne4 Bc7 33. Rc1 Rac8
34. Rgc2 Bb8 35. Qe2 Qd5 36. b3 Qf5 37. Rf1 e5 38. fxe5 Qxe5 39. Qc4 Qxe4 40.
Qxf7+ Kh8 41. Rc4 Qg6 42. Qxg6 hxg6 43. Rf2 Kg8 1/2-1/2